00532nam a2200157Ia 4500008004100000082001800041100001400059245003200073260002400105300000800129630003200137730003200169942000900201999001900210952014500229100122s9999 xx 000 0 und d b33588a137.17 aCLELLAN S aPATTERNS OF SEXUAL BEHAVIOR bACE BOOKS INCc1951 a318 aPATTERNS OF SEXUAL BEHAVIOR aPATTERNS OF SEXUAL BEHAVIOR cBOOK c370464d370461 00104070aSVPPARLEbSVPPARLEd1982-11-06g15.00l0o33588pSVPPARLE-33588r2010-01-25 00:00:00v15.00w2010-01-25yBOOKz", , General, NA"